| 000 | 00528nam a2200169 a 4500 | ||
|---|---|---|---|
| 005 | 20240511063747.0 | ||
| 008 | 991125s1956 mx 000 0 spa u | ||
| 035 | _aUPN01000047621 | ||
| 049 | _aLT | ||
| 050 | 4 |
_aLB1577 M6.5 _bC3.3 LE |
|
| 100 | 1 | _aCarreón Gutiérrez, María Luisa | |
| 245 | 1 | 0 |
_aAmérica o el pequeño descubridor : _bejercicios / _cMaría Luisa Carreón Gutiérrez. |
| 260 |
_aMéxico : _b[s.n.], _c1956. |
||
| 300 | _a111 p. | ||
| 650 | 4 |
_aEspañol _xEstudio y enseñanza (Elemental) _92806 |
|
| 905 | _aLibro | ||
| 999 |
_c47621 _d47621 |
||